| 000 | 00734nam2a2200205 4500 | ||
|---|---|---|---|
| 001 | RU\NLR\PER_A\011094728_000420 | ||
| 005 | 20250626050914.0 | ||
| 035 | _a(NLR Aleph) 011349445 | ||
| 090 |
_a11236872 _c11236872 |
||
| 100 | _a20170320d2017 |||y0rusy50 ca | ||
| 101 | 0 | _arus | |
| 102 | _aRU | ||
| 200 | 0 | _a2017, № 2 (21) | |
| 210 |
_d2017 _aБ. м. |
||
| 461 | 0 |
_1001RU\NLR\Per\1213761 _12001#$aСанта Барбара. Советы и секреты$fТолока$v2017, № 2 (21) _911386263 _cСмоленск _d2016 - _fТолока _nТолока _tСанта Барбара. Советы и секреты _x2499-9687 _v2017, № 2 (21) |
|
| 852 |
_aNLR _jП11/6098 |
||
| 942 | _cISSUE | ||
| 980 | _aNB | ||
| 980 | _aRUSPER | ||